Normal view
MARC view
- URDU
Entry Topical Term
001 - CONTROL NUMBER
- control field: 58951
003 - CONTROL NUMBER IDENTIFIER
- control field: NUST
005 - DATE AND TIME OF LATEST TRANSACTION
- control field: 20210628202234.0
008 - FIXED-LENGTH DATA ELEMENTS
- fixed length control field: 210628|| aca||aabn | a|a d
040 ## - CATALOGING SOURCE
- Original cataloging agency: NUST
- Transcribing agency: NUST
150 ## - HEADING--TOPICAL TERM
- Topical term or geographic name entry element: URDU
670 ## - SOURCE DATA FOUND
- Source citation: Work cat.: (NUST): Atta Ul Haq Qasmi 58950, Deli door rast, 1998
